Every Baseball Player With a Career OPS Above 1.000 - Statistics

General Stats
  • This quiz has been taken 6 times
  • The average score is 8 of 12
Answer Stats
Player Position OPS % Correct
Babe Ruth Outfielder 1.164
100%
Ted Williams Outfielder 1.116
100%
Barry Bonds Outfielder ***1.051***
80%
Jimmie Foxx First Base 1.037
80%
Lou Gehrig First Base 1.079
80%
Rogers Hornsby Second Base 1.011
80%
Hank Greenberg First Base 1.017
60%
Josh Gibson Catcher 1.176
60%
Mule Suttles First Base 1.026
60%
Oscar Charleston Outfielder 1.062
60%
Turkey Stearnes Outfielder 1.034
40%
Buck Leonard First Base 1.041
20%
No matching quizzes found
Score Distribution
Percent of People with Each Score
Percentile by Number Answered
Your Score History
You have not taken this quiz